Sous-genres Metal/Punk - Statistiques

Statistiques générales
  • Ce quiz a été pris 39 fois
  • Le résultat moyen est 20 sur 100
Statistiques - réponses
Réponse % Correct
Heavy
90%
Death
84%
Doom
71%
Metalcore
71%
Black
68%
Thrash
65%
Power
61%
Speed
61%
Deathcore
58%
Grindcore
58%
Hard Rock
58%
Prog
58%
Sympho
58%
Hardcore
55%
Goth
48%
Groove
48%
Glam
42%
Neo
39%
Folk
35%
Industrial
35%
Sludge
35%
Stoner
35%
NSBM
29%
Death Melo
26%
Fusion
26%
Black Atmo
23%
Crossover
23%
Djent
23%
DSBM
23%
Pagan
23%
Deathgrind
19%
Drone
19%
Tech Death
19%
Brutal Death
16%
Goregrind
16%
Pirate
16%
Post Hardcore
16%
Electro
13%
Mathcore
13%
NWOBHM
13%
Pornogrind
13%
Post Black
13%
Slam Death
13%
Avant-garde
10%
Beatdown
10%
Black Death
10%
Blackgaze
10%
Black Sympho
10%
Crust
10%
Cyber
10%
Doomcore
10%
Funeral Doom
10%
Power Violence
10%
Thrash Black
10%
Thrash Death
10%
Argent
6%
Black'n'Roll
6%
Brony
6%
Brutal Black
6%
Cybergrind
6%
Death Black
6%
Doomgaze
6%
Gorenoise
6%
Hard FM
6%
Kawaii
6%
Mallcore
6%
Nautical Doom
6%
Neo-Classical
6%
Noisecore
6%
NWOAHM
6%
Pornocybergrind
6%
Screamo
6%
Sid
6%
Slam deathgrind
6%
Thrash Tech
6%
Troll
6%
War
6%
Black Magic
3%
Brutal Goregrind
3%
Cascadian Black
3%
Edge
3%
Fastcore
3%
H8000
3%
Holy Terror
3%
Krishnacore
3%
Mesopotamian Black
3%
Mincecore
3%
Nintendocore
3%
Oï Wave
3%
Party grind
3%
Post Grind
3%
Slam Deathcore
3%
Slam Goregrind
3%
Speed Melo
3%
Spooky
3%
Thall
3%
TNBM
3%
Touhou
3%
Trance
3%
Aucun quiz correspondant
Distribution des résultats
% des personnes avec chaque résultat
Percentile par nombre de réponses
Votre historique - résultats
Vous n’avez pas pris ce quiz